LEADER 01323nam a2200277 4500 001 000000359057 003 CaOOAMICUS 005 20240724114506.0 008 240724s2023 it 000 u ita r 020 $a978-88-290-1870-3 040 $aSeMil$bita 100 1 $aEsposito, Davide,$d<1991- >.$0(OLS)http://semarc/name/120026 245 13$aLa Chanson de Jérusalem :$bl'epopea dei crociati cannibali : la storia dei "fanatici dell'Apocalisse" /$cDavide Esposito. 264 1$aRoma :$bCarocci,$c2023. 300 $a242 p. ;$c22 cm 490 1 $aStudi storici Carocci ;$v404 650 4$aEpopea - Storia - Medioevo.$0(OLS)http://semarc/subject/36007 650 4$aCrociate - Miti e leggende.$0(OLS)http://semarc/subject/52467 650 4$aChanson de Jérusalem.$0(OLS)http://semarc/subject/55995 830 0$aStudi storici Carocci ;$v404.$0(OLS)http://semarc/title/15169 850 $aSeMil 852 $aSeMil$W1$xVenegono$y1$m3T III 93$j249576$B250112$CSeMilBibl$Z2$F250112 $81 996 $6020$a978-88-290-1870-3$9(OLS)http://semarc/number/300809 996 $6245$aLa Chanson de Jérusalem :$bl'epopea dei crociati cannibali : la storia dei "fanatici dell'Apocalisse"$9(OLS)http://semarc/title/449476 996 $6264$aRoma :$bCarocci$9(OLS)http://semarc/publisher/31977 LEADER 00956nam a2200241 i 4500 001 000000177907 003 CaOOAMICUS 005 20190419131448.0 008 090227n it u000 u ita u 013 $a155476 040 $aSeMil$bita 245 10$aInterpretazioni /$cManara Valgimigli. 300 $aVIII, 645 p. 490 0 $aLa civiltà europea 650 4$aLetteratura greca antica - Testi.$0(OLS)http://semarc/subject/5674 700 1 $aValgimigli, Manara,$d<1876-1965>.$0(OLS)http://semarc/name/1285 773 0 $aValgimigli, Manara <1876-1965>$tPoeti e filosofi di Grecia.$dFirenze : Sansoni, 1964.$g2$w()1421 830 3$aLa civiltà europea.$0(OLS)http://semarc/title/15246 850 $aSeMil 852 $aSeMil$W1$xVenegono$y1$m1Z III 229$j128703$B128703$CSeMilBibl$Z2$F139795 $81 961 $aOmaggio: Biblioteca Seminario Seveso (fino al 1985) 996 $6245$aInterpretazioni$9(OLS)http://semarc/title/6875